[Event "87th Tata Steel Challengers 2025"]
[Site "Wijk aan Zee"]
[Date "2025.01.25"]
[Round "7.3"]
[White "Oro, Faustino"]
[Black "Nguyen, Thai Dai Van"]
[Result "0-1"]
[WhiteElo "2447"]
[BlackElo "2668"]
[Annotator "Chessbase - Stockfish 17"]
[PlyCount "100"]
[EventDate "2025.??.??"]

{[%evp 9,100,0,0,0,14,15,16,9,16,10,15,15,29,25,33,0,0,7,19,12,50,0,0,0,0,0,0,-8,-8,-8,0,0,0,0,0,2,0,-44,-44,-118,-120,-125,-119,-126,-125,-143,-116,-157,-141,-139,-138,-137,-133,-172,-182,-177,-173,-194,-174,-188,0,-184,0,-185,-181,-195,-192,-191,-191,-195,-195,-216,-210,-229,-218,-221,-224,-287,-173,-172,-174,-185,-179,-168,-170,-240,-242,-247,-247,-250,-250,-257,-257]} 1. e4 c5 2. Nc3 Nc6 3. Bb5 Nd4 4. Bc4 a6 5. a4 e6 6. Nge2 {B23: Closed Sicilian: Lines without g3.} Ne7 7. Nxd4 cxd4 8. Ne2 {The position is equal.} Nc6 9. O-O Bc5 10. d3 O-O 11. Ng3 b6 $146 (11... d5 12. exd5 exd5 13. Bb3 Be6 14. Qh5 Qd7 15. f4 f5 16. Bd2 Rf6 17. a5 Bf7 {0-1 Bauer,T (2151)-Samani,Y (2357) EU-ch 23rd Vrnjacka Banja 2023 (5)}) (11... Ne7 12. Bb3 Kh8 13. f4 f5 14. exf5 exf5 15. Kh1 b6 16. Ne2 Bb7 17. c3 Qc7 18. cxd4 Bb4 19. Bd2 Bxd2 20. Qxd2 Qd6 21. Rae1 Ng6 22. Nc3 Qxd4 23. Qe3 Qxe3 24. Rxe3 Rae8 25. Rxe8 Rxe8 26. Kg1 {Nuber,K (2317)-Deglmann,L (2324) Augsburg 2012 1-0 (60)}) 12. Qh5 g6 13. Qe2 d5 $6 {Inaccuracy. Qh4 was best.} (13... Qh4 14. e5 f5 15. exf6 d5 16. Bb3 Qxf6 17. Qg4 Ne5 18. Qe2 Nc6) 14. Bb3 Re8 15. Re1 (15. exd5 $14 exd5 16. Bg5) 15... Bb7 16. Bd2 dxe4 17. Nxe4 Be7 18. Qf3 Rc8 19. Rac1 Ba8 20. Qg3 Na5 21. Ba2 Qd7 22. Qe5 $6 {Inaccuracy. Ng5 was best. [#] Hoping for Bh6.} (22. Ng5 Qxa4) 22... Bxe4 23. Qxe4 $6 {Inaccuracy. Rxe4 was best.} (23. Rxe4) 23... Qxa4 24. Bxa5 $6 {Inaccuracy. Ra1 was best.} (24. Bxe6 fxe6 25. Qxe6+ Kg7 26. Qxb6 Nc6 $17) (24. Ra1 Qd7 (24... Rxc2 25. Bxe6 Qb5 26. Bxa5) (24... Qxc2 25. Bxe6 fxe6 26. Qxe6+ Kg7 27. Rac1) 25. Qg4) 24... Qxa5 $17 25. Bb3 {[%cal Yc1a1]} Qc5 {Black is more active.} 26. Ra1 a5 27. Ra4 Bf6 28. g3 Qd6 29. Rea1 Rc5 {White is weak on the dark squares} 30. Rc4 Rxc4 31. Bxc4 Rb8 32. Bb3 Qc7 33. Qe1 Be7 34. Qe4 Bf6 35. Qe1 $1 Be7 36. Qe4 b5 37. Rc1 a4 38. Ba2 Bg5 39. Re1 Bf6 (39... Qxc2 40. Qe5 Rf8 41. Qxg5 Qxb2 (41... Qxd3 $2 {too greedy.} 42. Rxe6 a3 43. Rb6 $18) 42. Bb1) 40. Qe2 Rc8 41. Rc1 Bg5 42. f4 Bf6 43. Qe4 Qc6 44. Qxc6 Rxc6 $19 {[%mdl 4096] Endgame KRB-KRB. Black is a pawn up.} 45. Kf1 g5 46. Ke2 Rc5 47. Kd2 $6 {Inaccuracy. h3 was best.} (47. Kf3) (47. h3 Kg7 48. Kf3 h5 49. Bb1 b4 50. Rg1 Kh6 51. Re1 Kg6 52. Re2) 47... gxf4 48. gxf4 Rf5 49. Rf1 {[#]} Rxf4 $3 {[%mdl 512]} 50. Rxf4 (50. Ke1 Bh4+) 50... Bg5 {Weighted Error Value: White=0.12 (very precise) /Black=0.13 (very precise) Mistake: 	White=3 	--- Inaccurate: 	White=3 	Black=2 OK: 	White=16 	Black=26 Best: 	White=2 	Black=3 Strong: 	White=1 	--- Precisão Stockfish 17: Brancas 93% Pretas 97% Precisão Chess.com: Brancas 89.7% Pretas 94.8%} 0-1

[Event "87th Tata Steel Challengers 2025"]
[Site "Wijk aan Zee"]
[Date "2025.01.25"]
[Round "7.4"]
[White "L'Ami, Erwin"]
[Black "Suleymanli, Aydin"]
[Result "1/2-1/2"]
[WhiteElo "2614"]
[BlackElo "2623"]
[Annotator "Chessbase - Stockfish 17"]
[PlyCount "82"]
[EventDate "2025.??.??"]

{[%evp 10,82,12,0,21,11,26,19,28,6,10,3,3,1,2,4,13,14,30,21,35,23,29,21,23,24,44,41,44,57,61,41,41,35,30,28,31,0,0,0,34,12,16,15,9,16,8,18,12,0,11,0,0,0,0,0,0,0,13,14,13,9,11,8,10,11,46,46,46,46,46,0,0,0,0]} 1. e4 e5 2. Nf3 Nc6 3. Bc4 Nf6 4. d3 Bc5 5. Nc3 h6 6. Be3 Bb4 {C50: Hungarian Defence and Giuoco Pianissimo.} 7. Nd2 Ne7 $146 (7... Bxc3 8. bxc3 O-O 9. Qf3 d6 10. h3 Be6 11. Bb3 a5 12. Ba4 Rb8 13. Qg3 Nh5 14. Qf3 Nf6 15. Rb1 Bxa2 16. Rb2 Be6 17. g4 Nh7 18. h4 f6 19. Qg3 g5 20. hxg5 hxg5 21. d4 Ne7 22. Rh6 {Nepomniachtchi,I (2755)-Durarbayli,V (2622) New York USA 2024 ½-½ (60)}) (7... O-O 8. Nd5 Nxd5 9. Bxd5 Bxd2+ 10. Qxd2 d6 11. O-O Be6 12. Bxc6 bxc6 13. f4 exf4 14. Rxf4 f5 15. exf5 Rxf5 16. Rxf5 Bxf5 17. Rf1 Qd7 18. Qf2 Bg6 19. Qg3 Kh7 20. h3 Qe7 21. b3 Re8 22. Bd2 {Mamedov,R (2646)-Suleymanli,A (2560) Baku AZE 2023 ½-½ (53)}) 8. Bb3 c6 9. d4 d6 10. a3 Bxc3 11. bxc3 O-O 12. O-O Ng6 13. f3 Qe7 14. Re1 Be6 15. dxe5 dxe5 16. Bxe6 Qxe6 17. Qb1 b5 18. Qb3 Qc8 19. c4 a6 20. cxb5 cxb5 21. c4 Rb8 22. Rac1 {[#] Hoping for cxb5.} Qd7 23. Red1 Nf4 24. Bxf4 bxc4 25. Qxc4 exf4 26. Nb3 {[%cal Yd2b3,Yb3d4,Yd4e2,Ye2f4][%mdl 32]} Rfc8 {[#]} 27. Qxc8+ $1 Qxc8 28. Rxc8+ Rxc8 {[%mdl 4096] Endgame KRN-KRN} 29. Nd4 Rc3 30. Ne2 {[%csl Yc3,Yf4]} Rxa3 31. Nxf4 g5 32. Ne2 Nh5 33. Rd6 Nf4 34. Nxf4 {KRN-KR} Ra1+ 35. Kf2 gxf4 {KR-KR} 36. h4 Kg7 37. Rd5 Rb1 38. Ra5 $1 Rb6 39. Kg1 f6 40. h5 (40. Ra2 $14) 40... Rb1+ 41. Kh2 Rb5 {Weighted Error Value: White=0.07 (flawless) /Black=0.07 (flawless) Mistake: 	White=1 	--- Inaccurate: 	White=1 	Black=2 OK: 	White=9 	Black=13 Best: 	White=1 	Black=2 Strong: 	White=1 	--- Precisão Stockfish 17: Brancas 98% Pretas 98% Precisão Chess.com: Brancas 98.0% Pretas 97.9%} 1/2-1/2

[Event "87th Tata Steel Challengers 2025"]
[Site "Wijk aan Zee"]
[Date "2025.01.25"]
[Round "7.5"]
[White "Vaishali, Rameshbabu"]
[Black "Bok, Benjamin"]
[Result "1/2-1/2"]
[WhiteElo "2476"]
[BlackElo "2583"]
[Annotator "Chessbase - Stockfish 17"]
[PlyCount "108"]
[EventDate "2025.??.??"]

{[%evp 0,87,28,28,55,0,17,31,1,1,1,-13,-4,-12,18,-5,-5,0,13,-17,12,6,25,14,59,15,65,61,45,45,45,47,48,43,38,35,29,19,29,31,27,16,29,0,0,0,0,-11,-24,-21,-14,-18,-24,-24,-23,-60,-35,-28,-38,-32,-37,-40,-35,-37,-35,-31,-33,-19,-41,-45,-46,-40,-32,-40,-37,-49,-30,-40,-47,-55,-28,-25,-11,-49,0,-49,-9,-22,-19,-20]} 1. e4 c5 2. c3 Nf6 3. e5 Nd5 4. Bc4 Nb6 5. Bb3 c4 6. Bc2 d5 7. exd6 Qxd6 8. Na3 Nc6 (8... g6 9. b3 cxb3 10. axb3 Bg7 11. Nf3 Nc6 12. O-O O-O 13. Nc4 Qc7 14. Nxb6 Qxb6 15. d4 Qc7 16. Re1 b5 17. Bg5 e6 18. Be4 Bb7 19. Qd3 f5 20. Bxc6 Qxc6 21. h4 a5 22. c4 bxc4 23. bxc4 {Giri,A (2764)-Gelfand,B (2676) chess24.com INT 2020 ½-½}) 9. b3 (9. Nf3 Ne5 10. O-O Bg4 11. Be4 Nxf3+ 12. Bxf3 Bxf3 13. Qxf3 Qc6 14. Qxc6+ bxc6 15. b3 O-O-O 16. f4 Rd3 17. Nc2 e6 18. Kf2 Rd7 19. Ke2 Bd6 20. g3 e5 21. f5 h5 22. Ba3 h4 23. Rh1 Bxa3 {Aravindh,C (2670)-Neiksans,A (2575) Chartres FRA 2024 1-0 (52)}) 9... Ne5 $146 (9... cxb3 10. axb3 g6 11. Ne2 Bg7 12. d4 O-O 13. O-O Rd8 14. Nc4 Nxc4 15. bxc4 b6 16. Ng3 Bb7 17. Re1 Qc7 18. Qg4 e5 19. d5 Na5 20. Ra4 f5 21. Nxf5 Bc8 22. d6 Rxd6 23. c5 Rd8 24. Rxa5 {Polivanov,A (2420)-Shevchenko,K (2553) Seville 2020 0-1 (50)}) 10. Nxc4 Nbxc4 11. d4 Nb6 12. dxe5 Qxe5+ 13. Ne2 Bg4 14. Bf4 Qxf4 15. Nxf4 Bxd1 16. Rxd1 Rc8 17. Be4 Rxc3 18. Bxb7 e6 19. O-O Ba3 20. Rfe1 Ke7 21. Ne2 Rc7 22. Bf3 Bb4 23. Rc1 Rd7 24. Red1 Rhd8 25. Rxd7+ Rxd7 26. g3 f5 27. Rc2 e5 28. Bc6 Rd2 29. Rxd2 Bxd2 30. a3 Kd6 31. Bb5 Kc5 32. Be8 a5 33. Kg2 Nd5 34. h3 Nf6 35. Bf7 Kd6 36. Bc4 g5 37. Ba6 Nd5 38. Bc8 Ne7 39. Bb7 Kc7 40. Ba6 Kd6 41. Bb7 Nd5 42. Bc8 f4 43. Kf3 Nf6 44. gxf4 gxf4 45. Bb7 h6 46. Ba8 Kc5 47. Bb7 Kb5 48. Kg2 a4 49. bxa4+ Kxa4 50. Ng1 Bc1 51. Nf3 e4 52. Ne5 Bxa3 53. Ng4 Nxg4 54. hxg4 e3 {1/2-1/2 wins. Precisão Stockfish 17: Brancas 99% Pretas 99% Precisão Chess.com: Brancas 98.4% Pretas 98.6%} 1/2-1/2

[Event "87th Tata Steel Challengers 2025"]
[Site "Wijk aan Zee"]
[Date "2025.01.25"]
[Round "7.6"]
[White "Gurel, Ediz"]
[Black "Yakubboev, Nodirbek"]
[Result "1-0"]
[WhiteElo "2624"]
[BlackElo "2659"]
[Annotator "Chessbase - Stockfish 17"]
[PlyCount "75"]
[EventDate "2025.??.??"]

{[%evp 9,75,13,18,10,12,5,10,13,6,0,0,-8,18,-6,20,17,19,19,4,10,5,14,12,15,13,17,39,50,23,32,78,41,26,29,20,11,8,0,165,161,169,161,167,149,133,0,0,0,28,0,0,0,0,0,25,0,2,-10,-34,-27,388,384,868,839,29982,29983,29996,29997]} 1. e4 e5 2. Nf3 Nc6 3. Bb5 Nf6 4. d3 Bc5 5. Bxc6 dxc6 6. Nbd2 {[%cal Yd2c4] C65: Ruy Lopez: Berlin Defence (3...Nf6), unusual lines and 4 0-0 Bc5.} (6. Nxe5 $2 Qd4 7. Be3 Qxe5 $19) 6... Nd7 7. O-O O-O 8. Nc4 {The position is equal.} Re8 9. a4 a5 {The main line 9...a5 scores better than 9...f6.} 10. Kh1 Bf8 11. Be3 b6 12. Nfd2 Nc5 13. f4 exf4 14. Bxf4 f6 15. Qf3 (15. Nf3 Be6 16. b3 Bxc4 17. bxc4 Qd7 18. Qe1 Ne6 19. Bd2 Nd4 20. Nxd4 Qxd4 21. Bc3 Qd7 22. Qh4 Re6 23. Rf5 Rae8 24. Raf1 Bd6 25. Rh5 h6 26. Qg4 Kh7 27. Bd2 Qf7 28. Qh3 Re5 29. Rhf5 Rxf5 {Robson,R (2700)-Zou,C (2449) chess.com INT 2024 0-1 (68)}) 15... Be6 16. Ne3 $146 (16. Qg3 Rc8 17. b3 Na6 18. Ne3 Nb4 19. Nf3 Kh8 20. h4 c5 21. Rac1 Nc6 22. h5 Bd6 23. Bxd6 Qxd6 24. Qxd6 cxd6 25. h6 Rcd8 26. Nd2 Ne5 27. Ndc4 Nxc4 28. bxc4 Rb8 29. Rf3 Rf8 30. Rcf1 Bd7 {Givon,A (2415)-Drenchev,P (2485) Albena 2013 ½-½ (96)}) 16... Qd7 17. Qg3 Re7 18. e5 f5 {NOTEXT-51077 White (e5)} 19. Nf3 Bd5 (19... Qe8 $14) 20. Nh4 Rf7 21. Bg5 {[%cal Ya1e1]} Be6 22. Rf4 g6 $1 23. Bf6 Rg7 $2 {Mistake. Bg7 was best.} (23... Bg7) 24. Raf1 $18 g5 25. Bxg5 {[%csl Yf5,Yh7] Black has weak pawns. White has strong rooks and is better} h6 {[#]} 26. Nhxf5 $1 Rxg5 27. Qh4 $2 {Mistake. Rg4 was best.} (27. Rg4 Qd8 (27... Bxf5) 28. d4 Rxg4 29. Qxg4+ (29. Nxg4 Kh8 $16) 29... Qg5 30. Qf3 (30. dxc5 Qxg4 31. Nxg4 Bxc5 $18)) 27... Bxf5 $1 28. Nxf5 Qh7 29. R4f3 {[%mdl 1024] and Qc4+ should not be overlooked White has compensation.} (29. Nd4 $5) 29... Qg6 $1 30. Qf2 Ne6 31. d4 $36 {[%mdl 2048] White fights for an advantage.} Kh8 32. Nh4 $6 {Inaccuracy. c3 was best.} (32. c3 Qh7) 32... Qg8 $6 {Inaccuracy. Qe4 was best.} (32... Qe4 33. c3 Re8 34. Re1 Qh7 35. Rf7 Bg7 36. Rf3 Rg4 37. h3 Re4 38. Rxe4) 33. Nf5 Rd8 34. Qh4 Kh7 $4 {[%mdl 8192] Blunder. Qh7 was best. [#] Loses the game.} (34... Rg6) (34... Qh7 35. Ne3) 35. Nxh6 $1 $18 Bxh6 {[#]} (35... Qg6) 36. Rf7+ $1 Ng7 $2 {Mistake. Qg7 was best.} (36... Qg7 37. Rxg7+ Nxg7 38. Rf6 Rh5 39. Rxh6+ Rxh6 40. Qxd8 b5 41. Kg1 Ne6 42. Qd7+) 37. R1f6 {[%csl Gh4][%cal Rf6h6]} Rg6 $2 {Checkmate is now unavoidable. Qf8 was best.} (37... Qf8 38. Qxh6+ Kg8 39. Rxf8+ Rxf8 40. Qxg5 Rf7 41. h4 Kf8 42. Kh2 Rxf6 43. Qxf6+) 38. Rxg6 {Weighted Error Value: White=0.12 (very precise) /Black=0.55 Loses game: 	--- 	Black=2 Mistake: 	White=1 	Black=2 Inaccurate: 	White=2 	Black=4 OK: 	White=11 	Black=8 Best: 	--- 	Black=3 Strong: 	White=2 	Black=3 Precisão Stockfish 17: Brancas 94% Pretas 82% Precisão Chess.com: Brancas 93.0% Pretas 83.9%} (38. Rxc7 $2 {too greedy.} Rf8 39. Qe4 Rfxf6 40. exf6 Qf8 41. Rxc6 Bg5 $19) 1-0

[Event "87th Tata Steel Challengers 2025"]
[Site "Wijk aan Zee"]
[Date "2025.01.25"]
[Round "7.7"]
[White "Nogerbek, Kazybek"]
[Black "Pijpers, Arthur"]
[Result "1/2-1/2"]
[WhiteElo "2514"]
[BlackElo "2474"]
[Annotator "Chessbase - Stockfish 17"]
[PlyCount "93"]
[EventDate "2025.??.??"]

{[%evp 9,93,16,20,15,17,0,20,0,0,0,0,0,15,15,15,22,36,44,60,43,37,47,81,82,87,60,89,46,81,33,35,25,30,-15,-19,-79,-88,-86,-73,-82,-78,-81,-81,-74,-72,-72,-78,-97,-92,-98,-100,-106,-54,-50,-33,-53,0,0,0,-12,-14,-7,-16,-50,0,0,0,0,0,0,0,-8,-8,-8,-8,-8,-6,-8,-8,-11,0,-8,0,-15,0,-8] Precisão Stockfish 17: Brancas 96% Pretas 96% Precisão Chess.com: Brancas 94.4% Pretas 94.5%} 1. e4 c5 2. Nf3 d6 3. Nc3 Nc6 4. Bb5 e5 5. d3 Nf6 6. a4 {B51: Sicilian: Moscow Variation (3 Bb5+) without 3...Bd7.} (6. O-O Be7 7. h3 O-O 8. a4 h6 9. Bc4 Be6 10. Re1 Qd7 11. Bd2 Rae8 12. Nd5 Bd8 13. c3 a6 14. a5 Bxd5 15. exd5 Ne7 16. Qb3 Ng6 17. Qa2 Nh5 18. Bb3 Nhf4 19. Ba4 Qf5 20. Bxe8 Rxe8 {Praggnanandhaa,R (2757)-Shankland,S (2683) Biel SUI 2024 0-1 (51)}) 6... Be7 7. h3 (7. O-O O-O 8. Bc4 h6 9. Re1 Be6 10. Nd2 d5 11. exd5 Nxd5 12. Bxd5 Bxd5 13. Nc4 f6 14. Be3 f5 15. f3 b6 16. Bf2 Bf6 17. Nxd5 Qxd5 18. a5 b5 19. Ne3 Qe6 20. c4 bxc4 21. Nxc4 Qd5 {Peng,X (2521)-Zhang,D (2362) Fuling CHN 2024 0-1 (48)}) 7... O-O 8. Bc4 $146 (8. Bg5 Ne8 9. Bxe7 Nxe7 10. Bc4 Nc7 11. a5 Rb8 12. Qd2 h6 13. Nh2 Ng6 14. Ng4 Kh7 15. g3 f5 16. exf5 Bxf5 17. Ne3 Bd7 18. Ncd5 Ne6 19. Ng4 Nd4 20. O-O-O Ba4 21. b3 Bc6 22. h4 b5 {Burnett,A (2140)-Wells,P (2440) Edinburgh 2002 0-1}) 8... Be6 $146 {[%cal Yf6e4]} (8... Nd7 9. O-O Nb6 10. Ba2 Be6 11. Nd5 Bxd5 12. Bxd5 Nxd5 13. exd5 Nb4 14. c4 f5 {0-1 Punin,A (2289)-Karttunen,M (2489) Titled Tuesday intern op 01st Feb-B blitz 2022 (8)}) 9. Ng5 Qd7 10. O-O Bxc4 11. dxc4 h6 12. Nf3 Nd4 13. Be3 Qc6 14. Re1 Bd8 15. Nd2 Nh7 16. Nd5 Qd7 17. Ra3 Ne6 {[%csl Yd5] Strong Square White (d5)} 18. Qh5 Kh8 19. h4 {White is much more active.} (19. Nf1 $16) 19... Nd4 20. Bxd4 cxd4 21. Rf3 Qxa4 22. Rxf7 $6 {Inaccuracy. Rc1 was best.} (22. b3 Qd7 23. Nf1) (22. Rc1) 22... Rxf7 $17 (22... Qxc2 23. Rxf8+ Nxf8 24. Qe8) 23. Qxf7 Bxh4 24. b3 {[#]} Qa5 25. Nf3 {[%cal Yf3h4]} (25. Qxb7 $2 Rf8 (25... Bxf2+ $2 26. Kh2 $19) 26. Re2 Qa1+ 27. Nf1 Qd1 $19) 25... Ng5 26. b4 {aiming for Nxg5.} Nxf7 27. bxa5 Bf6 28. Rb1 Nd8 29. c5 $6 {Inaccuracy. c3 was best.} (29. c3 dxc3) 29... dxc5 30. Nd2 Rc8 $2 {Mistake. c4 was best.} (30... c4 31. Nxc4 Rc8) 31. Nc4 $15 Rc6 32. g3 g5 (32... Re6 $15) 33. Nxf6 Rxf6 {[%mdl 4096] Endgame KRN-KRN. Black is two pawns up.} 34. Rb5 Rc6 {...a6 poses a challenge} 35. Nxe5 Rc7 36. Kg2 Kg7 (36... Ne6 $15) 37. f4 {The position is equal.} gxf4 38. gxf4 Ne6 39. Kf3 c4 (39... d3 $5 40. c3 c4 (40... d2 41. Rb1 $16)) 40. Rb4 {[#]} d3 $1 41. c3 (41. cxd3 $2 {perishes.} c3 42. Rb1 c2 43. Rg1+ Kf8 $19) 41... d2 42. Rb1 Nc5 $1 43. Ke3 Nb3 {[%cal Yh6h5]} 44. Ke2 Nc5 45. Ke3 Nb3 {[%cal Yg7f6]} 46. Ke2 Nc5 (46... Nxa5 47. Kxd2 Nb3+ 48. Ke3) 47. Ke3 {Weighted Error Value: White=0.11 (very precise) /Black=0.09 (flawless) Mistake: 	White=2 	Black=3 Inaccurate: 	White=4 	Black=3 OK: 	White=17 	Black=15 Best: 	White=6 	Black=2 Strong: 	--- 	Black=1} 1/2-1/2

[Event "87th Tata Steel Challengers 2025"]
[Site "Wijk aan Zee"]
[Date "2025.01.28"]
[Round "9.1"]
[White "Svane, Frederik"]
[Black "Pijpers, Arthur"]
[Result "1/2-1/2"]
[WhiteElo "2664"]
[BlackElo "2474"]
[Annotator "Chessbase - Stockfish 17"]
[PlyCount "115"]
[EventDate "2025.??.??"]

{[%evp 23,115,42,33,31,40,40,41,50,55,44,45,37,43,40,50,43,40,36,42,47,46,25,41,41,46,46,54,35,43,47,62,62,62,62,65,32,40,0,0,0,0,0,0,0,0,0,0,0,0,0,0,0,0,0,0,0,0,0,0,0,0,0,0,0,0,0,0,0,0,-7,-7,-6,-5,-6,0,-7,0,-7,0,-8,-8,-8,0,-8,-8,-8,0,-8,0,-8,0,-11,0,-18]} 1. e4 c5 2. Nf3 d6 3. d4 Nf6 4. Nc3 cxd4 5. Nxd4 g6 6. Be3 Bg7 7. f3 Nc6 (7... O-O 8. Qd2 {½-½ (11) Marinkovic,S (2398)-Pantelic,S (2328) Vrnjacka Banja 2012}) 8. Qd2 O-O 9. Bc4 Qa5 10. O-O-O Nxd4 11. Bxd4 Be6 12. Bxe6 fxe6 13. Rhe1 $146 {B77: Sicilian Dragon: Yugoslav Attack, 9 Bc4 sidelines.} (13. Kb1 Rfc8 (13... Rac8 14. Rhe1 (14. Nd5 Qxd2 15. Nxf6+ Bxf6 16. Rxd2 Bxd4 17. Rxd4 Rc6 {½-½ (17) Holland,A (1607)-Halamicek,R (1403) Nuremberg 2009}) 14... Nd7 15. Bxg7 Kxg7 16. Ne2 Qxd2 17. Rxd2 Ne5 18. Nc1 Kf7 19. Nd3 Nxd3 20. Rxd3 e5 21. Ra3 a6 22. Rb3 b5 23. a4 Rc5 24. c3 g5 25. Kc2 Ke6 26. h3 h5 27. axb5 axb5 {Setumadhav,Y (2341)-Vivaan,V (1899) Bhubaneswar IND 2024 ½-½ (36)}) (13... b5 14. h4 b4 15. Ne2 e5 16. Be3 Rfc8 17. g4 Rab8 18. h5 Rc6 19. hxg6 Ra6 20. gxh7+ Kh8 21. Nc1 Rc8 22. Bh6 Bxh6 23. Rxh6 b3 24. cxb3 Qc7 25. g5 Ne8 26. Nd3 Rc6 27. Nb4 Rc5 {Delorme,A (2254)-Le Gallo,F (1993) Sautron 2005 1-0}) 14. Bxf6 Bxf6 15. Nd5 Qxd2 16. Nxf6+ Kf7 17. Rxd2 Kxf6 18. h4 Rc5 19. g3 Rac8 20. Re1 Rc4 21. c3 h6 22. Kc2 R4c5 23. Kd3 g5 24. Rh1 d5 25. hxg5+ hxg5 26. Rh6+ Ke5 27. Re2 Kd6 {Kachibadze,G (1901)-Nguyen Luu,T (2013) Berlin 2006 ½-½ (56)}) 13... Nd7 14. Bxg7 Kxg7 {[#]} 15. e5 $1 {White is slightly better.} d5 16. a3 Rac8 17. Ne2 Qxd2+ 18. Rxd2 Nb8 (18... Nxe5 $6 19. Nd4 Kf6 20. g4 $16 (20. f4 Nc4 $16)) 19. Nd4 Kf7 20. f4 Nc6 21. Nf3 h6 {Wards off Ng5+} 22. h4 Ke8 23. g3 Kd7 24. Re3 h5 $146 (24... b5 25. Rc3 {1-0 Barclay,A (2379)-Villeneuve,R (2303) CAN-ch78 email 2022}) 25. b3 b5 26. Kb2 Rb8 27. Rc3 a5 28. Rc5 Rb6 29. Rd3 {White is more active.} Rfb8 30. Kc1 b4 {The position is equal.} 31. a4 Ra8 32. c4 bxc3 33. Rdxc3 Rab8 34. Kb2 R8b7 35. Ka3 Rb8 36. Nd2 R8b7 37. Kb2 Rb8 38. Kc2 Nd4+ 39. Kb2 Nc6 40. Ka2 Nb4+ 41. Ka3 Nc6 42. Rf3 R8b7 43. Rc1 Rc7 44. Rfc3 Rcb7 45. Rd1 {Threatens to win with Ne4.} (45. Nf3 $5) 45... Nd4 46. Kb2 Rb4 47. Ka2 Rb8 48. Ka3 R8b7 49. Ka2 Rb8 50. Ka3 R8b7 51. Re1 Nf5 52. Rec1 Rd4 53. R1c2 Ra7 54. Kb2 Rb7 55. Ka2 Ra7 56. Kb2 Rb7 57. Ka3 Ra7 58. Kb2 {Weighted Error Value: White=0.04 (flawless) /Black=0.03 (flawless) Inaccurate: 	White=2 	--- OK: 	White=17 	Black=21 Best: 	White=1 	Black=1 Precisão Stockfish 17: Brancas 98% Pretas 99% Precisão Chess.com: Brancas 98.0% Oretas 98.2%} 1/2-1/2

[Event "87th Tata Steel Challengers 2025"]
[Site "Wijk aan Zee"]
[Date "2025.01.28"]
[Round "9.2"]
[White "L'Ami, Erwin"]
[Black "Yakubboev, Nodirbek"]
[Result "1/2-1/2"]
[WhiteElo "2614"]
[BlackElo "2659"]
[Annotator "Chessbase - Stockfish 17"]
[PlyCount "72"]
[EventDate "2025.??.??"]

{[%evp 18,72,15,0,16,21,16,24,28,2,22,30,22,26,31,32,26,32,39,6,15,16,24,0,-19,-20,-14,-34,-7,-45,-36,-45,-43,-47,-48,-52,-43,-51,-16,-2,0,0,0,0,0,0,0,0,0,0,0,0,0,0,10,0,6]} 1. e4 c5 2. Nf3 d6 3. d4 cxd4 4. Nxd4 Nf6 5. Nc3 a6 6. Be3 e5 7. Nf3 Be7 8. Bc4 O-O 9. O-O {[%cal Bh1f1,Bf1d1,Bd1d5][%mdl 32]} Nc6 10. Qe2 b5 {B90: Sicilian Najdorf: Unusual White 6th moves, 6 Be3 Ng4 and 6 Be3 e5.} (10... Na5 11. Bd5 Be6 12. Rad1 Qc7 13. Bxe6 fxe6 14. Ng5 Qc8 15. Na4 Qc4 16. Qxc4 Nxc4 17. Bc1 Rfc8 18. Nxe6 Nxe4 19. Rfe1 Nf6 20. f4 h6 21. fxe5 dxe5 22. b3 b5 23. bxc4 bxa4 24. Rxe5 Rxc4 25. Re2 {Almasi,Z (2663)-Bu,X (2714) Beijing 2008 ½-½ (59)}) 11. Bb3 Be6 {is the legacy move (11...Na5).} (11... Na5 12. Bd5 Nxd5 13. Nxd5 Nc4 14. b3 Nxe3 15. Qxe3 f5 16. Rfd1 fxe4 17. Qxe4 Bf5 18. Nxe7+ Qxe7 19. Qd5+ Kh8 20. Qxd6 Qa7 21. Qxe5 Bg4 22. Qd4 Qxd4 23. Rxd4 Bxf3 24. gxf3 Rxf3 25. Rd3 Rf6 26. Rad1 {Papadopoulos,I (2143)-Heinemann,J (2361) Schwaebisch Gmuend GER 2024 ½-½ (56)}) 12. Rfd1 h6 {White has an edge.} 13. Ne1 $146 (13. Nd5 Bxd5 14. Bxd5 Nxd5 15. Rxd5 Qc8 16. a4 Qg4 17. Nd4 Qxe2 18. Nxe2 bxa4 19. Rxa4 Rfb8 20. b3 Rb4 21. Nc3 Rc8 22. Rxa6 Nd4 23. Na2 Nxc2 24. Nxb4 Nxb4 25. Raa5 Nxd5 26. Rxd5 Rb8 27. Rd3 Bg5 {Klein,F (2310)-Navratil,J (2057) Tatranske Zruby 2012 1-0 (69)}) 13... Qc7 14. Nd5 $146 (14. f3 Rfd8 15. Nd5 Qb7 16. a4 b4 17. a5 Bf8 18. Nxf6+ gxf6 19. Bd5 f5 20. exf5 Bxf5 {1-0 Toncheva,N (2195)-Orujov,F (2225) Titled Tuesday intern op 31st Jan Early blitz 2023 (7)}) 14... Bxd5 15. Bxd5 Nxd5 16. Rxd5 Nb8 {[%cal Bc6b8,Bb8d7,Bd7c5][%mdl 32]} 17. f3 Nd7 18. Rad1 b4 19. R5d2 Rfc8 20. Qd3 a5 21. Rc1 Nc5 22. Qd5 (22. Qe2 {simplifies} Bg5 23. Bxg5 hxg5 24. Qe3) 22... Na4 23. Rb1 Nb6 24. Bxb6 Qxb6+ 25. Kh1 Bg5 26. Re2 Rc6 27. Qd3 {White is weak on the dark squares} Qc5 $6 {Inaccuracy. Rac8 was best.} (27... Rac8 28. Rd1 h5 29. a3 bxa3 30. Qxa3 h4 31. c3 Qb5 32. Nd3 Rd8 33. Ree1) 28. g3 {The position is equal.} Rd8 29. Rd1 d5 30. exd5 Rcd6 $1 {[%cal Rd6d5]} 31. Qe4 {[%cal Bh2h4]} (31. Rxe5 Bf6 32. Qe3 Qb5 $17 (32... Qc8 33. Re4 $17)) 31... Rxd5 32. Rxd5 Qxd5 33. Qxd5 Rxd5 34. Nd3 Bf6 $1 35. Re4 g6 36. Rc4 Be7 {Weighted Error Value: White=0.08 (flawless) /Black=0.06 (flawless) Inaccurate: 	White=4 	Black=2 OK: 	White=9 	Black=6 Strong: 	--- 	Black=2 Precisão Stockfish 17: Brancas 98% Pretas 97% Precisão Chess.com: Brancas 96.8% Oretas 96.9%} 1/2-1/2